Ocenka proizvoditel'nosti vyčislitel'nych

Gespeichert in:
Bibliographische Detailangaben
1. Verfasser: Ferrari, Domenico
Format: Buch
Sprache:Russisch
Veröffentlicht: Moskva Mir 1981
Tags: Tag hinzufügen
Keine Tags, Fügen Sie das erste Tag hinzu!

MARC

LEADER 00000nam a2200000 4500
001 c127812
005 20231103121756.1
041 0 |a rus 
044 |a RU 
245 1 0 |a Ocenka proizvoditel'nosti vyčislitel'nych  |c Domenico Ferrari 
264 1 |a Moskva  |b Mir  |c 1981 
300 |a 576 s. 
100 1 |a Ferrari, Domenico